Normal view
MARC view
Entry Topical Term
001 - CONTROL NUMBER
- control field: 32216
003 - CONTROL NUMBER IDENTIFIER
- control field: OSt
005 - DATE AND TIME OF LATEST TRANSACTION
- control field: 20260701103729.0
008 - FIXED-LENGTH DATA ELEMENTS
- fixed length control field: 260701|| aca||aabn | a|a d
040 ## - CATALOGING SOURCE
- Original cataloging agency: OSt
- Transcribing agency: OSt
150 ## - HEADING--TOPICAL TERM
- Topical term or geographic name entry element: Education Study and teaching
670 ## - SOURCE DATA FOUND
- Source citation: Work cat.: (OSt)25715: Canter, Lee 32215, Lee Canter's Back to School with Assertive Discipline, 1990
